The Creative Call : (Record no. 612654)

MARC details
000 -LEADER
fixed length control field 00484nam a2200193 a 4500
008 - FIXED-LENGTH DATA ELEMENTS--GENERAL INFORMATION
fixed length control field 260215s2001##################000#0#eng##
020 ## - INTERNATIONAL STANDARD BOOK NUMBER
ISBN 9780877881384
082 04 - DEWEY DECIMAL CLASSIFICATION NUMBER
Classification number 248.4
Item number ELS
100 1# - MAIN ENTRY--AUTHOR NAME
Personal name Elsheimer, Janice,
245 10 - TITLE STATEMENT
Title The Creative Call :
260 ## - PUBLICATION, DISTRIBUTION, ETC. (IMPRINT)
Name of publisher Shaw Books,
Year of publication 2001.
300 ## - PHYSICAL DESCRIPTION
Number of Pages 226 pages
650 #0 - SUBJECT ADDED ENTRY--TOPICAL TERM
Topical Term Self-Help.
942 ## - ADDED ENTRY ELEMENTS (KOHA)
Koha item type English Books
Holdings
Withdrawn status Lost status Damaged status Not for loan Home library Current library Shelving location Date acquired Full call number Accession Number Price effective from Koha item type
        Anna Centenary Library Anna Centenary Library 3RD FLOOR, B WING 15.02.2026 248.4 ELS 419243 15.02.2026 English Books

Find us on the map